Geography Quiz

Random Geography or Blitz Quiz

2 Minute Blitz: Least Populous Countries Quiz Stats

 Plays Quiz Updated Apr 5, 2019

Score 0/40 Timer 02:00
10 Plays Today
% Correct
Vatican City
83.6%
Monaco
70.3%
Andorra
68.7%
San Marino
66.5%
Liechtenstein
64.8%
Fiji
64.6%
Luxembourg
61.3%
Saint Kitts and Nevis
56.5%
Nauru
55.8%
Tuvalu
55.3%
Vanuatu
55%
Marshall Islands
54.2%
Samoa
53.2%
Palau
53.2%
Tonga
51.5%
Saint Lucia
50.9%
Saint Vincent and the Grenadines
50.3%
Solomon Islands
50.2%
Kiribati
48.5%
Malta
47.9%
% Correct
Barbados
47.8%
Micronesia
47%
Bahamas
46.7%
Seychelles
45.9%
Grenada
43.8%
Antigua and Barbuda
43.5%
Dominica
41.8%
Maldives
40%
Iceland
38.4%
Comoros
38.1%
Sao Tome and Principe
35.8%
Cabo Verde
33%
Brunei
29.2%
Belize
29.1%
Suriname
25%
Guyana
24.4%
Bhutan
22.4%
Djibouti
18%
Montenegro
13.5%
Equatorial Guinea
13.1%

You're not logged in!

Compare scores with friends on all Sporcle quizzes.
OR
Log In

You Might Also Like...

Show Comments

Extras

Top Quizzes Today


Score Distribution

Your Account Isn't Verified!

In order to create a playlist on Sporcle, you need to verify the email address you used during registration. Go to your Sporcle Settings to finish the process.

Report this User

Report this user for behavior that violates our Community Guidelines.

Details: